000 00862nam a22001937a 4500
999 _c59423
_d59423
003 Ge_BSU
005 20230215104128.0
008 230215s2008 ge ||||| |||| 00| 0 geo d
020 _a9789941009211
041 _ageo
080 _a341.231.14(094.1) ა-26
245 _aადამიანის უფლებათა სფეროში ძირითადი საერთაშორისო სამართლებრივი აქტების კრებული :
_bნაწ. 2.
264 _aთბილისი,
_c2008.
300 _a304 გვ.;
_b21 სმ.
490 _aსახალხო დამცველის ბიბლიოთეკა,
_v1987-684X
653 _aადამიანის ძირითადი უფლებები
653 _aსამართალი
942 _2udc
_cBK